Statistics for Bordering Countries #2

Click here to take the quiz!

General Stats

  • This quiz has been taken 104 times
  • The average score is 45 of 51

Answer Stats

HintAnswer% Correct
SwedenNorway
98%
BelarusRussia
98%
PeruChile
97%
PeruEcuador
97%
SwedenFinland
97%
MexicoUnited States
97%
TunisieAlgeria
95%
PeruBrazil
95%
PeruColombia
95%
AndorraFrance
95%
LuxembourgFrance
95%
North MacedoniaGreece
95%
SomaliaEthiopia
94%
BelarusPoland
94%
AndorraSpain
94%
LuxembourgGermany
93%
TunisiaLibya
93%
SomaliaKenya
92%
BelarusLithuania
92%
BelarusUkraine
92%
North MacedoniaAlbania
91%
SloveniaCroatia
91%
North MacedoniaSerbia
91%
PeruBolivia
90%
SloveniaItaly
90%
MexicoBelize
88%
MexicoGuatemala
88%
BhoutanIndia
88%
Saudi ArabiaOman
88%
Saudi ArabiaIraq
87%
North MacedoniaKosovo
87%
Saudi ArabiaYemen
87%
LuxembourgBelgium
86%
North MacedoniaBulgaria
86%
Saudi ArabiaKuwait
86%
BelarusLatvia
86%
SloveniaAustria
85%
BhoutanChina
85%
Saudi ArabiaQatar
83%
SloveniaHungary
81%
Saudi ArabiaJordan
81%
MalawiMozambique
81%
MalawiTanzania
81%
Saudi ArabiaUnited Arab Emirates
81%
MalawiZambia
81%
SenegalGambia
79%
SenegalGuinéa
78%
SenegalMali
78%
SomaliaDjibouti
77%
SenegalMauritania
77%
SenegalGuinéa-Bissau
73%

Score Distribution

Percentile by Number Answered

Percent of People with Each Score

Your Score History

You have not taken this quiz